Statistics for Thrash Metal bands by debut album

Click here to take the quiz!

General Stats

  • This quiz has been taken 16 times
  • The average score is 10 of 16

Answer Stats

HintAnswer% Correct
Kill 'Em AllMetallica
100%
Show No MercySlayer
87%
The LegacyTestament
80%
Fistful of MetalAnthrax
80%
Bonded by BloodExodus
73%
Seven ChurchesPossessed
60%
The Ultra-ViolenceDeath Angel
60%
Welcome to HellVenom
60%
Morbid VisionsSepultura
53%
Power from HellOnslaught
47%
Morbid TalesCeltic Frost
47%
Endless PainKreator
47%
Obsessed by CrueltySodom
47%
Heavy Metal ManiacExciter
40%
Infernal OverkillDestruction
40%
Executioner's SongRazor
40%

Score Distribution

Percentile by Number Answered

Percent of People with Each Score

Your Score History

You have not taken this quiz